000 00933nam a2200265 a 4500
001 23254
003 BD-RjUL
005 20211209000917.0
008 140310m1959 enkc b 001 0aeng d
035 _a(BD-RjUL)23319
035 _a(BD-RjUL)23319
040 _aDLC
_cHEI
_dm.c
_dOCL
_dBD-RjUL
_dBD-RjUL
_beng
041 _aeng
082 _a928.2
_bCOC V-4 1959
100 1 _aColeridge, Samuel Taylor,
_d1772-1834.
_971677
245 1 0 _aCollected letters of Samuel Taylor Coleridge /
_cedited by Earl Leslie Griggs.
_nVOLUME IV
_p1815-1819
260 _aOxford :
_bClarendon Press,
_c1959.
300 _a xi ,999 p. :
_bports ;
_c23 cm.
504 _aIncludes bibliographical references.
505 0 _aVol. 1. 1785-1800. -- v. 2. 1801-1806. -- v. 3. 1807-1814. -- v. 4. 1815-1819. -- v. 5. 1820-1825. -- v. 6. 1826-1834.
700 1 _aGriggs, Earl Leslie.
_963546
942 _2ddc
_cBK
999 _c23254
_d23254